00691nam a22002051a 450000500170000000800410001702000090005804000260006705000200009308200200011310000390013324500360017226000370020830000220024550001100026760000290037760000300040670000460043685200030048220110718133202.0091005s1995 001 0 eng d c0.00 aNEGST Library - Kenya 4aBS 325.L45 19950 aBS 325.L45 19951 aBible League (South Holland, Ill.)10aKatoti bunyimi bowodi : Lelemi. bBible League in cooperat,c1995. a603 p. : ill., m. a"The New Testament the Lelemi language, Ghana, West Africa." - T.p. verso. Maps on end papers. [Africana]10aLelemi language - Texts.10aBible. N.T. Lelemi. 1995.1 aGhana Institute of Linguistics, Literacy.